Industrial and occupational health (Record no. 393640)

MARC details
000 -LEADER
fixed length control field 00524 a2200193 4500
005 - DATE & TIME
control field 20251217142848.0
008 - FIXED-LENGTH DATA ELEMENTS--GENERAL INFORMATION
fixed length control field 251217b |||||||| |||| 00| 0 eng d
020 ## - ISBN
International Standard Book Number 9789354663130
Price Rs. 1195.00
040 ## - CATALOGING SOURCE
Original cataloging agency VIVEKANANDA LIBRARY
082 ## - DDC NUMBER
Classification number 613.6
Book Number H129I(2)
100 ## - MAIN ENTRY--PERSONAL NAME
Personal name Haldar, S K
245 ## - TITLE STATEMENT
Title Industrial and occupational health
250 ## - EDITION STATEMENT
Edition statement 2nd
260 ## - PUBLICATION, DISTRIBUTION, ETC. (IMPRINT)
Name of publisher, distributor, etc CBS Publishers and Distributors
Date of publication, distribution, etc 2025
Place of publication, distribution, etc New Delhi
300 ## - PHYSICAL DESCRIPTION
Pages xiv, 1088
650 ## - Subject
Subject Personal Health and Safety
650 ## - Subject
Subject Occupational Health
942 ## - ADDED ENTRY ELEMENTS (KOHA)
Koha item type Books
Holdings
Withdrawn status Lost status Source of classification or shelving scheme Damaged status Not for loan Location (home branch) Sublocation or collection (holding branch) Shelving location Date acquired Koha issues (times borrowed) Koha full call number Accession No. Koha date last seen Koha item type
    Dewey Decimal Classification     VIVEKANANDA LIBRARY VIVEKANANDA LIBRARY Vivekananda Library 17/12/2025   613.6 H129I(2) 443572 17/12/2025 Books
    Dewey Decimal Classification     VIVEKANANDA LIBRARY VIVEKANANDA LIBRARY Vivekananda Library 17/12/2025   613.6 H129I(2) 443573 17/12/2025 Books
© Designed and Maintained by Vivekananda Library, MDU Rohtak